Vista normal Vista MARC

Entrada Nombre personal

Número de registros utilizados en: 1

001 - NÚMERO DE CONTROL

  • Campo de control: 45019

003 - IDENTIFICADOR DE NÚMERO DE CONTROL

  • Campo de control: OSt

005 - FECHA Y HORA DE LA ULTIMA MODIFICACION

  • Campo de control: 20210322082329.0

008 - ELEMENTOS DE DATOS DE LONGITUD FIJA

  • Campo de longitud fija: 210322|| aca||aabn | a|a d

040 ## - FUENTE DE LA CATALOGACIÓN

  • Agencia original de catalogación: OSt

100 ## - ENCABEZAMIENTO--NOMBRE DE PERSONA

  • Nombre personal: Pérez Cordero, Fátima

400 ## - TRAZADO VEÁSE--NOMBRE DE PERSONA

  • Nombre personal: Pérez, Fátima

670 ## - FUENTE DE DATOS ENCONTRADOS

  • Fuente de citación: Buenas prácticas en la gestión de la cooperación para el desarrollo del turismo sostenible